Crecimiento, competitividad, empleo retos y pistas para entrar en el siglo 21 Libro blanco. Parte C

Salvato in:
Dettagli Bibliografici
Natura: Libro
Lingua:spagnolo
tedesco
inglese
francese
italiano
Pubblicazione: Luxembourg Office des publications officielles des Communautés européennes 1993
Edizione:1. ed.
Soggetti:
Tags: Aggiungi Tag
Nessun Tag, puoi essere il primo ad aggiungerne!!

MARC

LEADER 00000nam a2200000 4500
001 c010290
005 20221206074323.2
020 |a 92-826-7071-6 
041 0 |a spa 
041 0 |a ger 
041 0 |a eng 
041 0 |a fre 
041 0 |a ita 
044 |a LU 
245 1 0 |a Crecimiento, competitividad, empleo retos y pistas para entrar en el siglo 21  |b Libro blanco. Parte C 
250 |a 1. ed. 
264 1 |a Luxembourg  |b Office des publications officielles des Communautés européennes  |c 1993 
300 |a 298 s. 
610 2 0 |a rast hospodársky 
610 2 0 |a zamestnanosť 
610 2 0 |a súťaž hospodárska 
610 2 0 |a Európske spoločenstvá